| 000 | 00363nam a2200133Ia 4500 | ||
|---|---|---|---|
| 005 | 20251222141826.0 | ||
| 008 | 251222s9999||||xx |||||||||||||| ||spa|| | ||
| 082 | _a720.985.62/B42 | ||
| 100 | _aBenavides, Bertha Estela | ||
| 245 | 0 | _aArquitectura del Altiplano Peruano | |
| 250 | _a1ra. ed. | ||
| 264 | _bDepartamento de Historia de la Arquitectura | ||
| 942 | _cLIB | ||
| 999 |
_c6950 _d6950 |
||